Statistiken für Kader 1. FC Union Berlin

Klicken Sie hier um das Quiz zu spielen!

Allgemein

  • Dieses Quiz wurde 201 mal gespielt
    (82 seit der letzten Aktualisierung)
  • Das Durchschnittsergebnis liegt bei 13 aus 31

Antwortstatistiken

#Spieler% Korrekt
1Frederik Rønnow
94%
27Sheraldo Becker
84%
28Christopher Trimmel
81%
17Kevin Behrens
75%
31Robin Knoche
73%
Urs Fischer
72%
4Diogo Leite
66%
8Rani Khedira
66%
5Danilho Doekhi
64%
19Janik Haberer
57%
18Josip Juranović
55%
7Brenden Aaronson
54%
11David Datro Fofana
54%
26Jérôme Roussillon
49%
33Axel Král
48%
29Lucas Tousart
43%
20Aïssa Laïdouni
42%
45Jordan Siebatcheu
42%
9Mikkel Kaufmann
36%
13András Schäfer
33%
3Paul Jaeckel
31%
12Jakob Busk
30%
2Morten Thorsby
19%
36Aljoscha Kemlein
18%
39Yannic Stein
16%
32Miloš Pantović
13%
--Laurenz Dehl
10%
--Mathis Bruns
9%
21Tim Skarke
7%
30Dominique Heintz
4%
--Malick Sanogo
3%

Verteilung der Resultate

Perzentil nach korrekt beantworteten Fragen

Anzahl Personen mit jedem Resultat

Ihre Resultats-Entwicklung

Sie haben dieses Quiz seit der letzten Aktualisierung nicht gespielt